Guía completa de ilustración y diseño: técnicas y materiales
Saved in:
| Hovedforfatter: | |
|---|---|
| Format: | Bog |
| Sprog: | spansk |
| Udgivet: |
Madrid
H. Blume
1981
|
| Udgivelse: | 1a. ed |
| Fag: | |
| Tags: |
Tilføj Tag
Ingen Tags, Vær først til at tagge denne postø!
|
MARC
| LEADER | 00000cam a2200000 a 4500 | ||
|---|---|---|---|
| 001 | UCO4549 | ||
| 003 | CL-VaPUC | ||
| 008 | 000804e19810000SP |||||||||||||||||spa|d | ||
| 020 | |a 8487756212 | ||
| 082 | 0 | 4 | |a 760.28 |b DAL |2 21 |
| 100 | 0 | |a Dalley, Terence |e author |9 449103 | |
| 245 | 1 | 0 | |a Guía completa de ilustración y diseño: técnicas y materiales |
| 250 | |a 1a. ed | ||
| 300 | |a 224 p | ||
| 942 | |c BK | ||
| 945 | |d 20000804 00:00:00 |a crobeson | ||
| 260 | |a Madrid |b H. Blume |c 1981 | ||
| 650 | 0 | |a Artes gráficas |9 265865 | |
| 650 | 0 | |a Diseño gráfico |9 266874 | |
| 650 | 7 | |a TECNICAS |2 CL-VaPUC |9 315860 | |
| 650 | 0 | |a Materiales |9 260800 | |
| 583 | |a last modification |c 20120726 04:54:59 |k Rodrigo Vera | ||
| 999 | |c 290579 |d 290577 | ||
| 952 | |0 0 |1 0 |4 0 |6 760_280000000000000_DAL_1981 |7 0 |8 A |9 340093 |a BIBART |b BIBART |d 2019-11-20 |i 1214063 |o 760.28 DAL 1981 |p 1214063 |r 2025-03-13 |w 2019-11-20 |y BK |k ART | ||
| 952 | |0 0 |1 0 |4 0 |6 760_280000000000000_DAL_1981 |7 0 |8 R |9 340094 |a BIBARQ |b BIBARQ |d 2019-11-20 |i 4885422 |l 2 |o 760.28 DAL 1981 |p 4885422 |r 2025-01-20 |s 2023-09-07 |w 2019-11-20 |y BK_R |k ARQ | ||